[Event "English Open Championship"]
[Site "Kenilworth"]
[Date "2023.05.27"]
[Round "3.20"]
[White "Merriman, James"]
[Black "Fellowes, Billy"]
[Result "1/2-1/2"]
[WhiteElo "2057"]
[BlackElo "1824"]
[PlyCount "89"]
[EventDate "2023.05.26"]
[EventType "swiss"]
[EventRounds "7"]
[EventCountry "ENG"]
[SourceTitle "BritBase"]
[Source "John Saunders"]
[SourceDate "2023.05.30"]
[SourceVersion "1"]
[SourceVersionDate "2023.05.30"]
[SourceQuality "1"]

1. d4 d5 2. c4 e6 3. Nc3 Nf6 4. cxd5 exd5 5. Bg5 Be7 6. e3 c6 7. Bd3 Nbd7 8.
Nf3 O-O 9. Qc2 Re8 10. O-O h6 11. Bf4 Nf8 12. h3 Bd6 13. Ne5 Bxe5 14. Bxe5 Qe7
15. Rab1 N8d7 16. Bh2 Ne4 17. b4 Qh4 18. Bxe4 dxe4 19. Bg3 Qg5 20. b5 Nf6 21.
bxc6 bxc6 22. Ne2 Ba6 23. Rb2 Rec8 24. Rc1 Bd3 25. Qc5 Nd5 26. Nf4 Nxf4 27.
Bxf4 Qd5 28. a4 g5 29. Be5 Qd7 30. Rb3 Qd8 31. Rbc3 a5 32. Qd6 Qxd6 33. Bxd6
Ra6 34. Rc5 Rd8 35. Be5 f6 36. Bc7 Rd5 37. Rxc6 Rxc6 38. Rxc6 Kf7 39. Bb6 h5
40. f3 Rf5 41. fxe4 Bxe4 42. Rc7+ Ke6 43. Bc5 g4 44. hxg4 Rg5 45. gxh5 1/2-1/2

[Event "English Open Championship"]
[Site "Kenilworth"]
[Date "2023.05.27"]
[Round "3.21"]
[White "Yoon, Jacob D"]
[Black "Alldritt, Nigel RE"]
[Result "1-0"]
[WhiteElo "2035"]
[BlackElo "1954"]
[PlyCount "139"]
[EventDate "2023.05.26"]
[EventType "swiss"]
[EventRounds "7"]
[EventCountry "ENG"]
[SourceTitle "BritBase"]
[Source "John Saunders"]
[SourceDate "2023.05.30"]
[SourceVersion "1"]
[SourceVersionDate "2023.05.30"]
[SourceQuality "1"]

1. d4 Nf6 2. Nf3 g6 3. Nbd2 d5 4. e3 Bg7 5. b4 O-O 6. c4 a5 7. b5 c5 8. Bb2
Nbd7 9. Rc1 cxd4 10. Bxd4 Re8 11. Be2 e5 12. Ba1 e4 13. Nd4 Ne5 14. c5 Bg4 15.
O-O Nd3 16. Rc3 Bxe2 17. Qxe2 Nd7 18. c6 bxc6 19. bxc6 N7c5 20. N2b3 Nxb3 21.
Rxb3 Rc8 22. Rxd3 exd3 23. Qxd3 Qb6 24. Rc1 Re4 25. h3 Bxd4 26. Bxd4 Rxd4 27.
Qxd4 Rxc6 28. Qxb6 Rxb6 29. Rc5 a4 30. Ra5 Rb4 31. a3 Rc4 32. Kf1 d4 33. exd4
Rxd4 34. Ke2 Rc4 35. g3 Rc2+ 36. Ke1 Rc4 37. Kd2 Kg7 38. Kd3 Rc1 39. Rxa4 Ra1
40. Ra7 g5 41. a4 h5 42. Ke4 h4 43. gxh4 gxh4 44. Kf4 Rf1 45. f3 Rg1 46. a5 Rg3
47. Rb7 Rxh3 48. Rb1 Rh2 49. Ra1 Rb2 50. Kg4 Rb7 51. a6 Ra7 52. Kxh4 Kf6 53.
Kg4 Kg6 54. Kf4 Kf6 55. Ke4 Ke6 56. Ra2 Kd6 57. Kf5 Kd5 58. f4 Kd4 59. Kf6 Kd5
60. f5 Kd6 61. Rd2+ Kc5 62. Kg7 Rxa6 63. Kxf7 Ra1 64. f6 Rg1 65. Kf8 Kc6 66.
Rd4 Rg2 67. f7 Kc5 68. Re4 Kd5 69. Re1 Kd6 70. Ke8 1-0

[Event "English Open Championship"]
[Site "Kenilworth"]
[Date "2023.05.27"]
[Round "3.22"]
[White "Badacsonyi, Frankie"]
[Black "Gordon, Sean"]
[Result "1/2-1/2"]
[WhiteElo "1974"]
[BlackElo "1791"]
[PlyCount "106"]
[EventDate "2023.05.26"]
[EventType "swiss"]
[EventRounds "7"]
[EventCountry "ENG"]
[SourceTitle "BritBase"]
[Source "John Saunders"]
[SourceDate "2023.05.30"]
[SourceVersion "1"]
[SourceVersionDate "2023.05.30"]
[SourceQuality "1"]

1. d4 d5 2. c4 c6 3. Nf3 Nf6 4. e3 e6 5. Nc3 Nbd7 6. Qc2 Bd6 7. b3 O-O 8. Bb2
b6 9. Be2 Bb7 10. O-O Rc8 11. Rfd1 Qe7 12. Rac1 Rfd8 13. Qb1 c5 14. cxd5 Nxd5
15. Ne4 cxd4 16. Nxd6 Qxd6 17. Rd2 d3 18. Rxd3 Qe7 19. Rd4 Nf8 20. Rcd1 f6 21.
Qa1 Nc7 22. Bc4 Kh8 23. a4 Qe8 24. Ba3 Rd5 25. Qb1 Rxd4 26. Nxd4 Rd8 27. Bxf8
Qxf8 28. Nxe6 Nxe6 29. Bxe6 Rd6 30. Bc4 Qd8 31. Rxd6 Qxd6 32. Qd3 Qxd3 33. Bxd3
g5 34. f3 Kg7 35. Kf2 h6 36. Bc4 Kf8 37. e4 Ke7 38. Ke3 Kd6 39. Kd4 a5 40. g3
Bc6 41. f4 gxf4 42. gxf4 Bb7 43. Bb5 Ba8 44. Ba6 Bc6 45. Bc8 b5 46. axb5 Bxb5
47. e5+ fxe5+ 48. fxe5+ Ke7 49. Bf5 a4 50. b4 a3 51. Kc3 Bc4 52. b5 Bxb5 53.
Kb3 Bd7 1/2-1/2

[Event "English Open Championship"]
[Site "Kenilworth"]
[Date "2023.05.27"]
[Round "3.23"]
[White "Patel, Zain"]
[Black "Shearsby, Jude"]
[Result "0-1"]
[WhiteElo "1949"]
[BlackElo "2102"]
[PlyCount "56"]
[EventDate "2023.05.26"]
[EventType "swiss"]
[EventRounds "7"]
[EventCountry "ENG"]
[SourceTitle "BritBase"]
[Source "John Saunders"]
[SourceDate "2023.05.30"]
[SourceVersion "1"]
[SourceVersionDate "2023.05.30"]
[SourceQuality "1"]

1. Nf3 Nf6 2. d4 g6 3. c4 Bg7 4. Nc3 O-O 5. e4 d6 6. Be2 e5 7. dxe5 dxe5 8.
Qxd8 Rxd8 9. Bg5 Re8 10. Nd5 Nxd5 11. cxd5 c6 12. Bc4 cxd5 13. Bxd5 Nd7 14. Nd2
Nc5 15. O-O Be6 16. Bxe6 Nxe6 17. Be3 Nd4 18. Kh1 Rec8 19. Rac1 Ne2 20. Rc4
Rxc4 21. Nxc4 Rc8 22. b3 Nc3 23. Nd6 Rc6 24. Nxb7 Nxe4 25. Rd1 Bh6 26. Nd6 Nc3
27. Rd3 Bxe3 28. fxe3 Ne4 0-1

[Event "English Open Championship"]
[Site "Kenilworth"]
[Date "2023.05.27"]
[Round "3.24"]
[White "Jackson, Edward"]
[Black "Ireland, David J"]
[Result "1/2-1/2"]
[WhiteElo "1968"]
[BlackElo "1911"]
[PlyCount "57"]
[EventDate "2023.05.26"]
[EventType "swiss"]
[EventRounds "7"]
[EventCountry "ENG"]
[SourceTitle "BritBase"]
[Source "John Saunders"]
[SourceDate "2023.05.30"]
[SourceVersion "1"]
[SourceVersionDate "2023.05.30"]
[SourceQuality "1"]

1. e4 e5 2. Nf3 Nf6 3. d4 exd4 4. e5 Ne4 5. Qxd4 d5 6. exd6 Nxd6 7. Nc3 Nc6 8.
Qf4 Bf5 9. Be2 Be7 10. Nd5 Bxc2 11. O-O O-O 12. b4 Bf6 13. Nxf6+ Qxf6 14. Qxf6
gxf6 15. b5 Ne5 16. Nxe5 fxe5 17. Bb2 Ba4 18. Bxe5 Bxb5 19. Bxb5 Nxb5 20. Rab1
a6 21. a4 Nd6 22. Bxd6 cxd6 23. Rxb7 Rfb8 24. Rd7 Rb4 25. Rd1 Rxa4 26. g3 Rg4
27. R1xd6 Rg6 28. Rd8+ Rxd8 29. Rxd8+ 1/2-1/2

[Event "English Open Championship"]
[Site "Kenilworth"]
[Date "2023.05.27"]
[Round "3.25"]
[White "Liu, Jack"]
[Black "Baer, Bruce L"]
[Result "1-0"]
[WhiteElo "1915"]
[BlackElo "1950"]
[PlyCount "93"]
[EventDate "2023.05.26"]
[EventType "swiss"]
[EventRounds "7"]
[EventCountry "ENG"]
[SourceTitle "BritBase"]
[Source "John Saunders"]
[SourceDate "2023.05.30"]
[SourceVersion "1"]
[SourceVersionDate "2023.05.30"]
[SourceQuality "1"]

1. e4 g6 2. d4 Bg7 3. Nc3 a6 4. Be3 b5 5. Qd2 d6 6. f3 Nd7 7. O-O-O c6 8. h4 h5
9. Nh3 Nb6 10. Bd3 Bxh3 11. Rxh3 Rb8 12. Ne2 Qc7 13. Nf4 e5 14. dxe5 dxe5 15.
Ne2 Nf6 16. Kb1 O-O 17. Bh6 c5 18. Ng3 c4 19. Bxg7 cxd3 20. Bxf6 dxc2+ 21. Qxc2
Nc4 22. Qe2 Rfc8 23. Rhh1 b4 24. Rd3 Na3+ 25. bxa3 bxa3+ 26. Rb3 Rxb3+ 27. axb3
Qb6 28. Ka2 Qxf6 29. Rd1 a5 30. Nf1 a4 31. bxa4 Rb8 32. Rb1 Qe6+ 33. Ka1 Rxb1+
34. Kxb1 Qb3+ 35. Ka1 Qxa4 36. Ka2 Kg7 37. Ne3 Qb4 38. Nc4 Qe7 39. g3 g5 40.
hxg5 Qxg5 41. Ne3 Kg6 42. Kxa3 Qxg3 43. Nf5 Qg5 44. Kb3 h4 45. Qh2 Kh5 46. Qxe5
f6 47. Qe8+ 1-0

[Event "English Open Championship"]
[Site "Kenilworth"]
[Date "2023.05.27"]
[Round "3.26"]
[White "Pert, Max P"]
[Black "Watson, Jacob"]
[Result "1-0"]
[WhiteElo "1848"]
[BlackElo "1886"]
[PlyCount "85"]
[EventDate "2023.05.26"]
[EventType "swiss"]
[EventRounds "7"]
[EventCountry "ENG"]
[SourceTitle "BritBase"]
[Source "John Saunders"]
[SourceDate "2023.05.30"]
[SourceVersion "1"]
[SourceVersionDate "2023.05.30"]
[SourceQuality "1"]

1. d4 d5 2. Nf3 Nf6 3. c4 dxc4 4. e3 e6 5. Bxc4 c5 6. O-O Nc6 7. dxc5 Qxd1 8.
Rxd1 Bxc5 9. a3 a5 10. b3 O-O 11. Bb2 b6 12. Nc3 Bb7 13. Na4 Ne4 14. Rac1 Rad8
15. Nd4 Nd6 16. Be2 Bxd4 17. exd4 Nf5 18. d5 exd5 19. Nxb6 d4 20. Bf3 Nfe7 21.
b4 axb4 22. axb4 d3 23. b5 Nd4 24. Bxb7 Ne2+ 25. Kf1 Nxc1 26. Bxc1 Rd4 27. Be3
Rd6 28. Bc5 Re6 29. Bxe7 Rxe7 30. Bc6 Rd8 31. Nd5 Ra7 32. Rxd3 Kf8 33. g3 Ra1+
34. Kg2 Rb1 35. Rc3 f6 36. b6 Kf7 37. b7 Rb2 38. Re3 Rb8 39. Re7+ Kg6 40. Nf4+
Kh6 41. Ne6 Rb6 42. Bf3 g5 43. Be4 1-0

[Event "English Open Championship"]
[Site "Kenilworth"]
[Date "2023.05.27"]
[Round "3.27"]
[White "Wilkinson, Daniel"]
[Black "Pal, Rohan"]
[Result "0-1"]
[WhiteElo "1994"]
[BlackElo "1955"]
[PlyCount "46"]
[EventDate "2023.05.26"]
[EventType "swiss"]
[EventRounds "7"]
[EventCountry "ENG"]
[SourceTitle "BritBase"]
[Source "John Saunders"]
[SourceDate "2023.05.30"]
[SourceVersion "1"]
[SourceVersionDate "2023.05.30"]
[SourceQuality "1"]

1. e4 c5 2. Nf3 e6 3. d3 Nc6 4. g3 d5 5. Nbd2 Nf6 6. Bg2 Be7 7. O-O O-O 8. Re1
b5 9. h4 Qc7 10. Qe2 Bb7 11. e5 Nd7 12. Nf1 Rfc8 13. Bg5 Bf8 14. N1h2 Nd4 15.
Nxd4 cxd4 16. Rac1 Bb4 17. Ng4 Bxe1 18. Qxe1 h5 19. Nh2 Qxe5 20. Qd1 f6 21. Bf4
Qf5 22. Qf1 Nf8 23. Bh3 Qg6 0-1

[Event "English Open Championship"]
[Site "Kenilworth"]
[Date "2023.05.27"]
[Round "3.28"]
[White "Bharat Kumar, Balahari"]
[Black "Green, Michael"]
[Result "1/2-1/2"]
[WhiteElo "1898"]
[BlackElo "1917"]
[PlyCount "89"]
[EventDate "2023.05.26"]
[EventType "swiss"]
[EventRounds "7"]
[EventCountry "ENG"]
[SourceTitle "BritBase"]
[Source "John Saunders"]
[SourceDate "2023.05.30"]
[SourceVersion "1"]
[SourceVersionDate "2023.05.30"]
[SourceQuality "1"]

1. d4 Nf6 2. c4 c5 3. d5 e6 4. Nc3 exd5 5. cxd5 d6 6. e4 g6 7. f4 Bg7 8. Nf3
O-O 9. Bd3 a6 10. a4 Re8 11. O-O Bg4 12. Be3 Nbd7 13. h3 Bxf3 14. Qxf3 Qc7 15.
Rad1 c4 16. Bb1 Rab8 17. Ba7 Ra8 18. Bd4 Rab8 19. Rfe1 b5 20. axb5 axb5 21. e5
dxe5 22. d6 Qxd6 23. fxe5 Nxe5 24. Bxe5 Qc5+ 25. Bd4 Rxe1+ 26. Kf2 Ne4+ 27.
Nxe4 Bxd4+ 28. Kxe1 Qe5 29. Kf1 f5 30. Nc3 b4 31. Re1 Qc5 32. Nd1 Kg7 33. h4 c3
34. bxc3 bxc3 35. Bc2 Rb4 36. h5 Be5 37. g3 Rg4 38. Qe3 Qxe3 39. Nxe3 Bxg3 40.
Nxg4 Bxe1 41. Kxe1 fxg4 42. hxg6 hxg6 43. Kf2 Kf6 44. Kg3 Kg5 45. Bd3 1/2-1/2

[Event "English Open Championship"]
[Site "Kenilworth"]
[Date "2023.05.27"]
[Round "3.29"]
[White "Bak, Christopher"]
[Black "Turner, Lewis A"]
[Result "1-0"]
[WhiteElo "2010"]
[BlackElo "1807"]
[PlyCount "49"]
[EventDate "2023.05.26"]
[EventType "swiss"]
[EventRounds "7"]
[EventCountry "ENG"]
[SourceTitle "BritBase"]
[Source "John Saunders"]
[SourceDate "2023.05.30"]
[SourceVersion "1"]
[SourceVersionDate "2023.05.30"]
[SourceQuality "1"]

1. c4 Nf6 2. Nc3 g6 3. g3 Bg7 4. Bg2 O-O 5. d3 d6 6. e4 c5 7. Nge2 Nc6 8. O-O
Rb8 9. h3 a6 10. a4 Ne8 11. Be3 Nc7 12. d4 cxd4 13. Nxd4 Ne6 14. Nde2 Qa5 15.
Nd5 Nc5 16. b4 Nxb4 17. Bd2 Qd8 18. Bxb4 Bxa1 19. Qxa1 f6 20. Rd1 Qe8 21. a5
Qf7 22. Qa3 Nd7 23. Nd4 Re8 24. Nc7 Rd8 25. Nde6 1-0

[Event "English Open Championship"]
[Site "Kenilworth"]
[Date "2023.05.27"]
[Round "3.30"]
[White "Miller, George I"]
[Black "Murawski, Jan"]
[Result "0-1"]
[WhiteElo "1849"]
[BlackElo "1896"]
[PlyCount "60"]
[EventDate "2023.05.26"]
[EventType "swiss"]
[EventRounds "7"]
[EventCountry "ENG"]
[SourceTitle "BritBase"]
[Source "John Saunders"]
[SourceDate "2023.05.30"]
[SourceVersion "1"]
[SourceVersionDate "2023.05.30"]
[SourceQuality "1"]

1. d4 Nf6 2. c4 e6 3. Nc3 d5 4. cxd5 exd5 5. Bg5 Be7 6. e3 c6 7. Bd3 h6 8. Bh4
Ne4 9. Bxe7 Qxe7 10. Nf3 Bf5 11. Qc2 Nd7 12. O-O O-O 13. Rab1 a5 14. a3 Rfc8
15. b4 b5 16. Nd2 axb4 17. axb4 Nxc3 18. Qxc3 Bxd3 19. Qxd3 Ra4 20. Qc3 Nb6 21.
Qc5 Qxc5 22. dxc5 Nc4 23. Nf3 Rca8 24. Rfd1 Na3 25. Rb2 Nc4 26. Rbb1 g6 27. Nd4
R8a6 28. g4 Ra2 29. h3 Nd2 30. f3 Nxb1 0-1

[Event "English Open Championship"]
[Site "Kenilworth"]
[Date "2023.05.27"]
[Round "3.31"]
[White "Gopakumar, Siddharth"]
[Black "Gibson, Christopher A"]
[Result "1/2-1/2"]
[WhiteElo "1890"]
[BlackElo "1836"]
[PlyCount "101"]
[EventDate "2023.05.26"]
[EventType "swiss"]
[EventRounds "7"]
[EventCountry "ENG"]
[SourceTitle "BritBase"]
[Source "John Saunders"]
[SourceDate "2023.05.30"]
[SourceVersion "1"]
[SourceVersionDate "2023.05.30"]
[SourceQuality "1"]

1. e4 c5 2. Nf3 Nc6 3. c3 Nf6 4. e5 Nd5 5. Bc4 e6 6. d4 Nb6 7. Bb3 cxd4 8. cxd4
d6 9. O-O dxe5 10. dxe5 Qxd1 11. Rxd1 Be7 12. Nc3 O-O 13. Nb5 Nd7 14. Bf4 g5
15. Nxg5 Ndxe5 16. Ne4 b6 17. Rac1 a6 18. Nd4 Nxd4 19. Rxd4 Ng6 20. Be3 Bb7 21.
Nd6 Rab8 22. Nxb7 Rxb7 23. Bd1 Bc5 24. Rd3 Bxe3 25. Rxe3 Rd8 26. Bf3 Rbd7 27.
g3 Rd2 28. Rb3 R8d3 29. Rc8+ Kg7 30. Rxd3 Rxd3 31. Be2 Rd2 32. Bxa6 Rxb2 33. a4
Ne5 34. h3 Nd7 35. Bb5 Nc5 36. Rb8 Rb4 37. Ra8 h6 38. Ra7 e5 39. Be8 Kf8 40.
Bxf7 Rxa4 41. Rxa4 Nxa4 42. Bc4 Nc3 43. f3 b5 44. Bb3 Na4 45. Kf2 Nc5 46. Bc2
b4 47. Ke3 Ke7 48. g4 h5 49. gxh5 Kf6 50. h4 Kg7 51. f4 1/2-1/2

[Event "English Open Championship"]
[Site "Kenilworth"]
[Date "2023.05.27"]
[Round "3.32"]
[White "Dasgupta, Avyukt"]
[Black "Vaidyanathan, Adithya"]
[Result "1-0"]
[WhiteElo "1788"]
[BlackElo "1478"]
[PlyCount "85"]
[EventDate "2023.05.26"]
[EventType "swiss"]
[EventRounds "7"]
[EventCountry "ENG"]
[SourceTitle "BritBase"]
[Source "John Saunders"]
[SourceDate "2023.05.30"]
[SourceVersion "1"]
[SourceVersionDate "2023.05.30"]
[SourceQuality "1"]

1. b3 d5 2. Bb2 c5 3. e3 Nc6 4. Bb5 a6 5. Bxc6+ bxc6 6. Nf3 e6 7. d3 Nf6 8.
Nbd2 Bd6 9. e4 Bc7 10. O-O O-O 11. Ba3 Nd7 12. Qe2 Ba5 13. c4 Bc3 14. Rac1 Qa5
15. Nb1 Bf6 16. d4 Be7 17. exd5 cxd5 18. cxd5 Nf6 19. dxe6 fxe6 20. Bxc5 Qd8
21. Nc3 Re8 22. Rfd1 Nd5 23. Qe4 Bxc5 24. dxc5 Bb7 25. Qd4 Qc7 26. Ne4 Nf4 27.
Re1 Rf8 28. c6 Rac8 29. g3 Nh3+ 30. Kg2 Qf7 31. Ne5 Qh5 32. cxb7 Rcd8 33. Qxd8
Rxd8 34. Rc8 Qe8 35. Rec1 Nf4+ 36. gxf4 g5 37. Rxd8 Qxd8 38. Rc8 Qxc8 39.
bxc8=Q+ Kg7 40. Qxe6 gxf4 41. Qf6+ Kg8 42. Qf7+ Kh8 43. Qf8# 1-0

[Event "English Open Championship"]
[Site "Kenilworth"]
[Date "2023.05.27"]
[Round "4.1"]
[White "Harvey, Marcus R"]
[Black "Ghasi, Ameet K"]
[Result "1/2-1/2"]
[WhiteElo "2462"]
[BlackElo "2496"]
[PlyCount "94"]
[EventDate "2023.05.26"]
[EventType "swiss"]
[EventRounds "7"]
[EventCountry "ENG"]
[SourceTitle "BritBase"]
[Source "John Saunders"]
[SourceDate "2023.05.30"]
[SourceVersion "1"]
[SourceVersionDate "2023.05.30"]
[SourceQuality "1"]

1. Nf3 Nf6 2. b3 g6 3. Bb2 Bg7 4. g3 O-O 5. Bg2 d6 6. d4 b5 7. O-O Bb7 8. Na3
b4 9. Nc4 a5 10. a3 Nbd7 11. Ra2 Qb8 12. Qa1 Be4 13. Ncd2 Bd5 14. Bh3 e6 15.
Ne1 Qb5 16. Nd3 Ne4 17. Nxe4 Bxe4 18. Rd1 Nb6 19. f3 Bxd3 20. Rxd3 a4 21. Bf1
Qc6 22. Qc1 axb3 23. cxb3 Qxc1 24. Bxc1 c5 25. dxc5 dxc5 26. e4 Rfc8 27. Kg2 c4
28. bxc4 Nxc4 29. Rb3 Na5 30. Rb1 b3 31. Re2 Rab8 32. Bf4 Rb7 33. Bd6 Bc3 34.
Rf2 Rc6 35. e5 Bd4 36. Rd2 Bc3 37. Rf2 b2 38. Bb4 Bxb4 39. axb4 Rxb4 40. Rbxb2
Rxb2 41. Rxb2 Nc4 42. Bxc4 Rxc4 43. h4 Kg7 44. f4 h5 45. Rb7 Rc3 46. Ra7 Rb3
47. Rc7 Rd3 1/2-1/2

[Event "English Open Championship"]
[Site "Kenilworth"]
[Date "2023.05.27"]
[Round "4.2"]
[White "Adams, Michael"]
[Black "Derakhshani, Borna"]
[Result "1-0"]
[WhiteElo "2680"]
[BlackElo "2359"]
[PlyCount "93"]
[EventDate "2023.05.26"]
[EventType "swiss"]
[EventRounds "7"]
[EventCountry "ENG"]
[SourceTitle "BritBase"]
[Source "John Saunders"]
[SourceDate "2023.05.30"]
[SourceVersion "1"]
[SourceVersionDate "2023.05.30"]
[SourceQuality "1"]

1. e4 c6 2. d4 d5 3. e5 Bf5 4. h4 h5 5. Bd3 Bxd3 6. Qxd3 Qa5+ 7. Nd2 e6 8. Ngf3
Nh6 9. O-O Nf5 10. Nb3 Qa6 11. Qd1 Be7 12. Bg5 Bxg5 13. hxg5 Nd7 14. g6 fxg6
15. Ng5 c5 16. Nxc5 Nxc5 17. dxc5 Ke7 18. b4 Qc4 19. Qd2 b6 20. cxb6 axb6 21.
a4 Rhc8 22. a5 bxa5 23. bxa5 Qxc2 24. Qb4+ Qc5 25. Qb7+ Qc7 26. Rfb1 Ra7 27.
Qb2 Ra6 28. Rc1 Qb8 29. Qa3+ Kd7 30. Qa4+ Ke7 31. Rcb1 Qc7 32. Qa3+ Kd7 33. Rc1
Qb8 34. Rxc8 Qxc8 35. Rb1 Qa8 36. Qa4+ Qc6 37. Qb4 Ra8 38. Ra1 Qa6 39. Rc1 Rc8
40. Qa4+ Kd8 41. Rxc8+ Qxc8 42. a6 Kc7 43. a7 Qa8 44. Nxe6+ Kb6 45. Qb4+ Kxa7
46. Qa5+ Kb7 47. Nc5+ 1-0

[Event "English Open Championship"]
[Site "Kenilworth"]
[Date "2023.05.27"]
[Round "4.3"]
[White "Pert, Richard G"]
[Black "Hebden, Mark L"]
[Result "1/2-1/2"]
[WhiteElo "2412"]
[BlackElo "2434"]
[PlyCount "38"]
[EventDate "2023.05.26"]
[EventType "swiss"]
[EventRounds "7"]
[EventCountry "ENG"]
[SourceTitle "BritBase"]
[Source "John Saunders"]
[SourceDate "2023.05.30"]
[SourceVersion "1"]
[SourceVersionDate "2023.05.30"]
[SourceQuality "1"]

1. d4 Nf6 2. Nf3 c5 3. d5 b5 4. Bg5 d6 5. Bxf6 exf6 6. e4 b4 7. a3 bxa3 8. Nxa3
Be7 9. Bb5+ Nd7 10. Nc4 a6 11. Bxd7+ Bxd7 12. O-O O-O 13. Re1 Re8 14. Qd2 Bb5
15. Na5 Qc7 16. b3 Bf8 17. Qf4 g6 18. Nd2 f5 19. Nac4 Bxc4 1/2-1/2

[Event "English Open Championship"]
[Site "Kenilworth"]
[Date "2023.05.27"]
[Round "4.4"]
[White "Eggleston, David J"]
[Black "Willow, Jonah B"]
[Result "1/2-1/2"]
[WhiteElo "2353"]
[BlackElo "2450"]
[PlyCount "59"]
[EventDate "2023.05.26"]
[EventType "swiss"]
[EventRounds "7"]
[EventCountry "ENG"]
[SourceTitle "BritBase"]
[Source "John Saunders"]
[SourceDate "2023.05.30"]
[SourceVersion "1"]
[SourceVersionDate "2023.05.30"]
[SourceQuality "1"]

1. e4 c5 2. Nf3 e6 3. d4 cxd4 4. Nxd4 a6 5. Nc3 b5 6. Bd3 Bb7 7. O-O Nc6 8.
Nxc6 Bxc6 9. Re1 Qb8 10. a4 bxa4 11. Nxa4 Bd6 12. h3 Ne7 13. b3 O-O 14. Ba3
Bxa3 15. Rxa3 Ng6 16. Nc3 Qe5 17. Qd2 Nf4 18. Ne2 Nxd3 19. cxd3 Qd6 20. Ra2 f5
21. f3 Rfb8 22. Qc3 Bb5 23. Nd4 fxe4 24. dxe4 Rc8 25. Qe3 Qb4 26. Qd2 Qxd2 27.
Rxd2 Ra7 28. Ra1 Rb7 29. Rad1 Rcc7 30. Kf2 1/2-1/2

[Event "English Open Championship"]
[Site "Kenilworth"]
[Date "2023.05.27"]
[Round "4.5"]
[White "Gormally, Daniel W"]
[Black "Okhai, Shabir"]
[Result "1/2-1/2"]
[WhiteElo "2434"]
[BlackElo "2144"]
[PlyCount "41"]
[EventDate "2023.05.26"]
[EventType "swiss"]
[EventRounds "7"]
[EventCountry "ENG"]
[SourceTitle "BritBase"]
[Source "John Saunders"]
[SourceDate "2023.05.30"]
[SourceVersion "1"]
[SourceVersionDate "2023.05.30"]
[SourceQuality "1"]

1. d4 Nf6 2. c4 e6 3. Nf3 c5 4. d5 d6 5. Nc3 exd5 6. cxd5 g6 7. e4 a6 8. h3 b5
9. Bd3 Bg7 10. O-O O-O 11. Bf4 Qe7 12. Re1 Nbd7 13. a3 Ne5 14. Nxe5 dxe5 15.
Be3 c4 16. Bf1 Bd7 17. b3 cxb3 18. Qxb3 Rfc8 19. Rec1 Bf8 20. Bd3 Ne8 21. a4
1/2-1/2

[Event "English Open Championship"]
[Site "Kenilworth"]
[Date "2023.05.27"]
[Round "4.6"]
[White "Yao, Lan"]
[Black "Wadsworth, Matthew J"]
[Result "0-1"]
[WhiteElo "2278"]
[BlackElo "2428"]
[PlyCount "94"]
[EventDate "2023.05.26"]
[EventType "swiss"]
[EventRounds "7"]
[EventCountry "ENG"]
[SourceTitle "BritBase"]
[Source "John Saunders"]
[SourceDate "2023.05.30"]
[SourceVersion "1"]
[SourceVersionDate "2023.05.30"]
[SourceQuality "1"]

1. e4 c6 2. d4 d5 3. Nd2 dxe4 4. Nxe4 Nf6 5. Nxf6+ exf6 6. c3 Bd6 7. Bd3 O-O 8.
Qc2 Re8+ 9. Ne2 h5 10. O-O h4 11. Bf4 Na6 12. Rae1 Nc7 13. Qd2 Bg4 14. f3 Be6
15. b3 a5 16. Bxd6 Qxd6 17. Qf4 Qxf4 18. Nxf4 a4 19. Nxe6 Nxe6 20. Re4 axb3 21.
axb3 h3 22. g3 Ra3 23. Bc2 f5 24. Re2 g6 25. Kf2 Rd8 26. Rd1 Kf8 27. Red2 b5
28. Rd3 Ra2 29. R1d2 Nc5 30. Re3 Nxb3 31. Rde2 Nc1 32. Rd2 c5 33. Re1 Rxc2 34.
Rxc2 Nd3+ 35. Ke2 Nxe1 36. Kxe1 cxd4 37. cxd4 Rxd4 38. Rb2 b4 39. Ke2 Kg7 40.
Ke3 Rc4 41. Kd3 Rc3+ 42. Ke2 f4 43. Rxb4 Rc2+ 44. Kd3 Rxh2 45. Rxf4 Rh1 46. Rh4
h2 47. Ke2 Ra1 0-1

[Event "English Open Championship"]
[Site "Kenilworth"]
[Date "2023.05.27"]
[Round "4.7"]
[White "Ismail, Mohammed Aayan"]
[Black "Emms, John M"]
[Result "1/2-1/2"]
[WhiteElo "2209"]
[BlackElo "2468"]
[PlyCount "75"]
[EventDate "2023.05.26"]
[EventType "swiss"]
[EventRounds "7"]
[EventCountry "ENG"]
[SourceTitle "BritBase"]
[Source "John Saunders"]
[SourceDate "2023.05.30"]
[SourceVersion "1"]
[SourceVersionDate "2023.05.30"]
[SourceQuality "1"]

1. d4 Nf6 2. c4 e6 3. Nc3 d5 4. Nf3 c5 5. e3 Nc6 6. dxc5 Bxc5 7. a3 dxc4 8.
Qxd8+ Kxd8 9. Bxc4 Ke7 10. b4 Bd6 11. Bb2 Ne5 12. Be2 Bd7 13. O-O Rac8 14. Rfd1
Nxf3+ 15. Bxf3 Bc6 16. Bxc6 Rxc6 17. Rd3 Be5 18. Nd5+ Nxd5 19. Bxe5 f6 20. Bd4
b6 21. g3 Rhc8 22. Rad1 R8c7 23. e4 Nc3 24. Bxc3 Rxc3 25. Kg2 Rxd3 26. Rxd3 Rc2
27. Kf3 e5 28. h4 h5 29. Ke3 a6 30. Kf3 g6 31. Ke3 b5 32. Rd2 Rc1 33. Rd5 Ke6
34. Rd8 Ra1 35. Rd3 Rc1 36. Rd8 Ra1 37. Rd3 Rc1 38. Rd8 1/2-1/2

[Event "English Open Championship"]
[Site "Kenilworth"]
[Date "2023.05.27"]
[Round "4.8"]
[White "Hobson, Kenneth"]
[Black "Jackson, James P"]
[Result "1/2-1/2"]
[WhiteElo "2104"]
[BlackElo "2393"]
[PlyCount "140"]
[EventDate "2023.05.26"]
[EventType "swiss"]
[EventRounds "7"]
[EventCountry "ENG"]
[SourceTitle "BritBase"]
[Source "John Saunders"]
[SourceDate "2023.05.30"]
[SourceVersion "1"]
[SourceVersionDate "2023.05.30"]
[SourceQuality "1"]

1. e4 e5 2. Nf3 Nc6 3. Nc3 Nf6 4. Bb5 Bb4 5. O-O O-O 6. Bxc6 dxc6 7. d3 Nd7 8.
Ne2 Re8 9. Ng3 Bf8 10. Nd2 Nc5 11. Nc4 f6 12. Be3 Ne6 13. a4 c5 14. Qd2 Nd4 15.
f4 exf4 16. Bxf4 Be6 17. b3 Qd7 18. Ne2 Nxe2+ 19. Qxe2 Rad8 20. Qf2 b6 21. Qg3
Rc8 22. Kh1 a5 23. h4 Kh8 24. e5 f5 25. Ne3 Re7 26. Rae1 Rf7 27. Nc4 Re8 28.
Nd2 Bd5 29. Nf3 Rfe7 30. Qh3 Qc8 31. h5 Bxf3 32. Rxf3 Qe6 33. Bh2 g6 34. hxg6
Qxg6 35. Qxf5 Bg7 36. Qxg6 hxg6 37. e6 Bc3 38. Re4 Rxe6 39. Rxe6 Rxe6 40. Bxc7
Kg7 41. Kg1 Re2 42. Bxb6 Bd4+ 43. Kh2 Rxc2 44. Bxa5 Rb2 45. Bb6 Rxb3 46. a5 Ra3
47. Kg3 Ra4 48. Kf4 Kf6 49. Bd8+ Kg7 50. Kg5 Bc3 51. Bf6+ Bxf6+ 52. Rxf6 Rxa5
53. Rxg6+ Kf7 54. Rf6+ Kg7 55. Rf5 Ra3 56. Rf3 Rc3 57. Kf4 Rc2 58. g3 Kf6 59.
Ke4+ Ke6 60. g4 Rg2 61. Kf4 Kf6 62. Rg3 Rf2+ 63. Ke3 Rc2 64. g5+ Kg6 65. Rg4
Rc1 66. Rc4 Re1+ 67. Kf4 Rf1+ 68. Ke5 Rf5+ 69. Kd6 Rf3 70. Rc3 c4 1/2-1/2